Представление документа в формате RUSMARC

ПолеНазваниеЗначение
  Тип записи a
  Библиографический уровень m
001 Контрольный номер RU/УГОНБ/EK/102206
005 Дата корректировки 20260216164403.4
010 Индекс ISBN __
9 Тираж 400 экз.
100 Данные общей обработки __
a Данные общей обработки 20260211d2005 u u0rusy0189 ca
101 Язык документа 0_
a Язык текста rus
102 Страна публикации __
a Страна публикации RU
105 Кодированные данные (монография) __
a Кодированные данные (монография) y z 001yy
200 Заглавие и сведения об ответственности 1_
a Заглавие Теории истины
a Заглавие Язык в контексте глобализации
f Первые сведения об ответственности Российская академия наук
210 Выходные данные 1_
d Дата издания 2005
215 Физическое описание __
a Объем 296 с.
225 Серия 1_
a Серия Проблемы человека
330 Аннотация __
a Аннотация Анализ радикальных теорий истины и их языковой и логической специфике, проблемам коммуникации, языковым взаимодействиям в условиях глобализации, концепциям создания мирового языка.
461 Уровень набора _0
1 2001
a Человек: образ и сущность
e гуманитарные аспекты
e ежегодник
f Академия наук СССР, Институт научной информации по общественным наукам
g ответственный редактор Л. В. Скворцов [и др.]
v 2005
1 2101
a Москва
c ИНИОН
d 1990-
1 001UONB/MAIN/7588df90791244d6911a20466fa216a8
1 203
a Текст
b визуальный
c непосредственный
1 215
d 21 см
606 Тематические рубрики 0_
a Основная рубрика Язык и общество
j Формальный подзаголовок Сборники
606 Тематические рубрики 0_
a Основная рубрика Языкознание
x Основная подрубрика Философские проблемы
j Формальный подзаголовок Сборники
606 Тематические рубрики 0_
a Основная рубрика Глобализация
610 Ключевые слова 0_
a Ключевые слова философия языка; язык и общество; глобализация
686 Индексы других классификаций __
a Классификационный индекс 81.001.2я43
2 Код системы rubbk
686 Индексы других классификаций __
a Классификационный индекс 87.224.2я43
2 Код системы rubbk
702 Вторичная интеллектуальная ответственность _1
4 Код отношения 340
712 Наименование организации (Вторичная ответственность) 02
a Организация/ юрисдикция Российская академия наук
4 Код отношения 570
801 Источник записи _0
a Страна RU
b Организация Ульяновская ОНБ
c Дата составления 20260211
g Правила каталогизации RCR
801 Источник записи _1
a Страна RU
b Организация Ульяновская ОНБ
c Дата составления 20260211
g Правила каталогизации RCR
901 Тип документа __
t Тип документа n
w Контрольный № источника UONB/MAIN/7588df90791244d6911a20466fa216a8
909 Создатель записи __
a Создатель записи Горбункова
b Дата создания записи 20260211